书目信息 |
| 题名: |
物流经济地理
|
|
| 作者: | 李旸 , 罗维燕 主编 | |
| 分册: | ||
| 出版信息: | 北京 北京理工大学出版社 2011.7 |
|
| 页数: | 314页 | |
| 开本: | 23cm | |
| 丛书名: | ||
| 单 册: | ||
| 中图分类: | F259.22 | |
| 科图分类: | ||
| 主题词: | 物流--经济地理--中国--高等学校--教材 | |
| 电子资源: | ||
| ISBN: | 978-7-5640-4670-5 | |
| 000 | 00886nam0 2200265 45 | |
| 001 | 516 | |
| 005 | 20120531160834.15 | |
| 010 | @a978-7-5640-4670-5@dCNY45.00 | |
| 100 | @a20120328d2011 em y0chiy50 ea | |
| 101 | 0 | @achi |
| 102 | @aCN@b110000 | |
| 105 | @ay z 000yy | |
| 106 | @ar | |
| 200 | 1 | @a物流经济地理@AWu Liu Jing Ji Di Li@b专著@f李旸,罗维燕主编@FLi旸, Luo Wei Yan Zhu Bian |
| 205 | @a2版 | |
| 210 | @a北京@c北京理工大学出版社@d2011.7 | |
| 215 | @a314页@c图, 地图@d23cm | |
| 300 | @a面向21世纪高等学校精品规划教材·物流管理专业 | |
| 330 | @a本书内容包括:绪论、物流交通地理、工农业物流地理、商业旅游业物流地理以及国内国际物流分区地理等。 | |
| 606 | 0 | @a物流@x经济地理@y中国@x高等学校@j教材 |
| 690 | @aF259.22@v4 | |
| 701 | 0 | @a李旸@ALi旸@4主编 |
| 701 | 0 | @a罗维燕@ALuo Wei Yan@4主编 |
| 801 | 0 | @aCN@bTSTCL@c20120328 |
| 905 | @b0813489-95@dF259.22@e180=2@f7 | |
| 物流经济地理/李旸,罗维燕主编.-2版.-北京:北京理工大学出版社,2011.7 |
| 314页:图, 地图;23cm |
| 面向21世纪高等学校精品规划教材·物流管理专业 |
| ISBN 978-7-5640-4670-5:CNY45.00 |
| 本书内容包括:绪论、物流交通地理、工农业物流地理、商业旅游业物流地理以及国内国际物流分区地理等。 |
| ● |
| 相关链接 |
|
|
|
|
正题名:物流经济地理
索取号:F259.22/180=2
 
预约/预借
| 序号 | 登录号 | 条形码 | 馆藏地/架位号 | 状态 | 备注 |
| 1 | 0813489 | 208134892 | 第一样本阅览室/ [索取号:F259.22/180=2] | 在馆 | |
| 2 | 0813490 | 208134909 | 第一借阅区/ [索取号:F259.22/180=2] | 在馆 | |
| 3 | 0813491 | 208134918 | 第一借阅区/ [索取号:F259.22/180=2] | 在馆 | |
| 4 | 0813492 | 208134927 | 第一借阅区/ [索取号:F259.22/180=2] | 在馆 | |
| 5 | 0813493 | 208134936 | 第一借阅区/ [索取号:F259.22/180=2] | 在馆 | |
| 6 | 0813494 | 208134945 | 第一借阅区/ [索取号:F259.22/180=2] | 在馆 | |
| 7 | 0813495 | 208134954 | 第一借阅区/ [索取号:F259.22/180=2] | 在馆 |